| 000 | 01731 a2200265 4500 | ||
|---|---|---|---|
| 001 | 40457 | ||
| 005 | 20260407155658.0 | ||
| 008 | 260407a2015 arg spa d | ||
| 003 | AR-UNSa-BCEJYS | ||
| 040 |
_aAR-UNSa-BCEJYS _bspa _cAR-UNSa-BCEJYS |
||
| 080 |
_a347.736 _xQuiebra. Insolvencia. Suspensión de pagos. Bancarrota, procedimientos. Derecho Concursal |
||
| 245 | 1 | 0 |
_aLey de concursos comentada _panálisis exegético |
| 020 | _a978-987-01-1827-5 | ||
| 250 | _a3a. ed. | ||
| 264 | 1 |
_aBuenos Aires : _bErreius _c2015 |
|
| 300 |
_a503 p. _c21 cm. |
||
| 505 | _aTITULO I: Principios generales -- TITULO II: Concurso preventivo - 1. Requisitos - 2. Apertura - 3. Trámite hasta el acuerdo - 4. Propuesta, período de exclusividad y régimen del acuerdo preventivo - 5. Impugnación, homologación, cumplimiento y nulidad del acuerdo - 6. Concurso en caso de agrupamiento - 7. Acuerdo preventivo extrajudicial -- TITULO III: Quiebra - 1. Declaración - 2. Efectos de la quiebra - 3. Extensión de la quiebra - 4. Incautación, conservación y administración de los bienes - 5. Período informativo en la quiebra - 6. Liquidación y distribución - 7. Conclusión de la quiebra - 8. Clausura del procedimiento - 9. Inhabilitación del fallido -- TITULO IV: 1. Privilegios - 2. Funcionarios y empleados de los concursos - 3. Reglas procesales - 4. De los pequeños concursos y quiebras - 5. Disposiciones transitorias y complementarias | ||
| 041 | _aspa | ||
| 942 | _cBK | ||
| 590 | _aniveau_biblio:m niveau_hierar:0 | ||
| 100 | 1 | _aGraziabile, Darío J. | |
| 650 | _aLey Nº 24.522 | ||
| 856 | 4 | 1 |
_uhttps://biblioeco.unsa.edu.ar/pmb/images/libros/L125893.jpg _yImagen de portada _qimage/jpeg |
| 650 | _a ley nº 24 522 | ||
| 999 |
_c3222 _d3222 |
||